Contabilidad de costos. Conceptos y aplicaciones para la toma de decisiones gerenciales

Guardat en:
Dades bibliogràfiques
Autors principals: Polimeni, Ralph S (Autor), Fabozzi, Frank J (Autor), Adelberg, Arthur H (Autor), Kole, Michael A (Autor)
Format: Llibre
Idioma:espanyol
Publicat: Bogotá, Colombia McGraw-Hill 1994
Edició:Tercera edición
Matèries:
Accés en línia:Disponible Online
Etiquetes: Afegir etiqueta
Sense etiquetes, Sigues el primer a etiquetar aquest registre!

MARC

LEADER 00000cam a2200000 a 4500
001 UCY0464
003 CL-VaPUC
005 20241008150838.0
008 940802e19940000CK |||||||||||||||||spa|d
999 |c 229457  |d 229455 
020 |a 9586001954 
040 |c Pontificia Universidad Católica de Valparaíso 
082 0 4 |a 657.42 POL 1994  |2 21 
100 0 |a Polimeni, Ralph S  |e author  |9 328183 
245 1 0 |a Contabilidad de costos.  |b Conceptos y aplicaciones para la toma de decisiones gerenciales 
250 |a Tercera edición  
260 |a Bogotá, Colombia   |b McGraw-Hill  |c 1994 
300 |a 879 páginas  
583 |a last modification  |c 20190110 01:45:49  |k Rodrigo Vera 
650 0 |a Contabilidad de costes  |9 891891 
650 0 |a Costes de producción   |9 263894 
650 0 |a Control de costes  |9 886490 
650 0 |a Toma de decisiones   |9 257530 
700 0 |a Fabozzi, Frank J  |e author  |9 328184 
700 0 |a Adelberg, Arthur H  |e author  |9 328185 
700 0 |a Kole, Michael A  |e author  |9 328186 
856 |u http://bibliografiadigital.pucv.cl.pucv.idm.oclc.org/index.php/bibliotecapucv/catalog/book/255  |y Disponible Online  
942 |c BK  |2 ddc 
945 |d 19940802 00:00:00  |a mfernand 
952 |0 0  |1 0  |4 0  |6 657_420000000000000_POL_1994  |7 0  |8 R  |9 230595  |a BIBENE  |b BIBENE  |d 2019-11-15  |i 3008258  |o 657.42 POL 1994  |p 3008258  |r 2025-01-15  |w 2019-11-15  |y BK_R  |k ICO 
952 |0 0  |1 0  |4 0  |6 657_420000000000000_POL_1994  |7 0  |8 R  |9 230596  |a BIBENE  |b BIBENE  |d 2019-11-15  |i 3008266  |o 657.42 POL 1994  |p 3008266  |r 2025-01-15  |w 2019-11-15  |y BK_R  |k ICO 
952 |0 0  |1 0  |4 0  |6 657_420000000000000_POL_1994  |7 0  |8 R  |9 230597  |a BIBENE  |b BIBENE  |d 2019-11-15  |i 3008274  |l 1  |o 657.42 POL 1994  |p 3008274  |r 2025-01-15  |s 2023-08-24  |w 2019-11-15  |y BK_R  |k ICO 
952 |0 0  |1 0  |4 0  |6 657_420000000000000_POL_1994  |7 0  |8 R  |9 230598  |a BIBENE  |b BIBENE  |d 2019-11-15  |i 3225925  |o 657.42 POL 1994  |p 3225925  |r 2025-01-15  |w 2019-11-15  |y BK_R  |k ICO 
952 |0 0  |1 0  |4 0  |6 657_420000000000000_POL_1994  |7 0  |8 R  |9 230599  |a BIBENE  |b BIBENE  |d 2019-11-15  |i 3225933  |o 657.42 POL 1994  |p 3225933  |r 2025-01-15  |w 2019-11-15  |y BK_R  |k ICO 
952 |0 0  |1 0  |4 0  |6 657_420000000000000_POL_1994  |7 0  |8 R  |9 230600  |a BIBENE  |b BIBENE  |d 2019-11-15  |i 3225941  |o 657.42 POL 1994  |p 3225941  |r 2025-01-15  |w 2019-11-15  |y BK_R  |k ICO 
952 |0 0  |1 0  |4 0  |6 657_420000000000000_POL_1994  |7 0  |8 R  |9 230601  |a BIBENE  |b BIBENE  |d 2019-11-15  |i 322595K  |o 657.42 POL 1994  |p 322595K  |r 2025-01-15  |w 2019-11-15  |y BK_R  |k ICO 
952 |0 0  |1 0  |4 0  |6 657_420000000000000_POL_1994  |7 0  |8 R  |9 230602  |a BIBGIM  |b BIBGIM  |d 2019-11-15  |i 322466K  |o 657.42 POL 1994  |p 322466K  |r 2025-01-15  |w 2019-11-15  |y BK_R  |k COM 
952 |0 0  |1 0  |4 0  |6 657_420000000000000_POL_1994  |7 0  |8 R  |9 230603  |a BIBGIM  |b BIBGIM  |d 2019-11-15  |i 3284743  |o 657.42 POL 1994  |p 3284743  |r 2025-01-15  |w 2019-11-15  |y BK_R  |k COM 
952 |0 0  |1 0  |2 ddc  |4 0  |6 657_420000000000000_POL_1994  |7 0  |8 R  |9 230604  |a BIBGIM  |b BIBGIM  |d 2019-11-15  |i 3284751  |o 657.42 POL 1994  |p 3284751  |r 2025-01-15  |w 2019-11-15  |y BK_R  |k COM 
952 |0 0  |1 0  |2 ddc  |4 0  |6 657_420000000000000_POL_1994  |7 0  |8 R  |9 230605  |a BIBGIM  |b BIBGIM  |d 2019-11-15  |i 328476K  |o 657.42 POL 1994  |p 328476K  |r 2025-01-15  |w 2019-11-15  |y BK_R  |k COM 
952 |0 0  |1 2  |4 0  |6 657_420000000000000_POL_1994  |7 0  |8 R  |9 230606  |a BIBGIM  |b BIBGIM  |d 2019-11-15  |i 3285723  |o 657.42 POL 1994  |p 3285723  |r 2019-11-15  |w 2019-11-15  |y BK_R  |k COM 
952 |0 0  |1 0  |4 0  |6 657_420000000000000_POL_1994  |7 0  |8 R  |9 230607  |a BIBGIM  |b BIBGIM  |d 2019-11-15  |i 3589986  |o 657.42 POL 1994  |p 3589986  |r 2025-01-15  |w 2019-11-15  |y BK_R  |k COM 
952 |0 0  |1 2  |4 0  |6 657_420000000000000_POL_1994  |7 0  |8 R  |9 230608  |a BIBGIM  |b BIBGIM  |d 2019-11-15  |i 4204999  |o 657.42 POL 1994  |p 4204999  |r 2019-11-15  |w 2019-11-15  |y BK_R  |k COM 
952 |0 0  |1 0  |4 0  |6 657_420000000000000_POL_1994  |7 0  |8 R  |9 230609  |a BIBGIM  |b BIBGIM  |d 2019-11-15  |i 3883817  |l 1  |m 1  |o 657.42 POL 1994  |p 3883817  |r 2025-01-15  |s 2022-06-16  |w 2019-11-15  |y BK_R  |k GIM 
952 |0 0  |1 0  |4 0  |6 657_420000000000000_POL_1994  |7 0  |8 R  |9 230610  |a BIBGIM  |b BIBGIM  |d 2019-11-15  |i 3883825  |o 657.42 POL 1994  |p 3883825  |r 2025-01-15  |w 2019-11-15  |y BK_R  |k GIM 
952 |0 0  |1 0  |4 0  |6 657_420000000000000_POL_1994  |7 0  |8 A  |9 230612  |a BIBALI  |b BIBALI  |c GEN  |d 2019-11-15  |i 3969029  |l 3  |o 657.42 POL 1994  |p 3969029  |r 2025-01-20  |s 2021-03-22  |w 2019-11-15  |y BK  |k ALI 
952 |0 0  |1 0  |4 0  |6 657_420000000000000_POL_1994  |7 0  |8 A  |9 230613  |a BIBALI  |b BIBALI  |c GEN  |d 2019-11-15  |i 3969037  |o 657.42 POL 1994  |p 3969037  |r 2025-01-20  |w 2019-11-15  |y BK  |k ALI 
952 |0 0  |1 0  |2 ddc  |4 0  |6 657_420000000000000_POL_1994  |7 0  |8 A  |9 230614  |a BIBING  |b BIBING  |c RES  |d 2019-11-15  |i 4289161  |o 657.42 POL 1994  |p 4289161  |r 2025-01-20  |w 2019-11-15  |y BK  |k CCI 
952 |0 0  |1 0  |2 ddc  |4 0  |6 657_420000000000000_POL_1994  |7 0  |8 A  |9 230615  |a BIBING  |b BIBING  |c RES  |d 2019-11-15  |i 428917K  |o 657.42 POL 1994  |p 428917K  |r 2025-01-20  |w 2019-11-15  |y BK  |k CCI 
952 |0 0  |1 0  |2 ddc  |4 0  |6 657_420000000000000_POL_1994  |7 0  |8 A  |9 230616  |a BIBING  |b BIBING  |c RES  |d 2019-11-15  |i 4289188  |o 657.42 POL 1994  |p 4289188  |r 2025-01-20  |w 2019-11-15  |y BK  |k CCI 
952 |0 0  |1 0  |2 ddc  |4 0  |6 657_420000000000000_POL_1994  |7 0  |8 A  |9 230617  |a BIBING  |b BIBING  |c RES  |d 2019-11-15  |i 4289196  |o 657.42 POL 1994  |p 4289196  |r 2025-01-20  |w 2019-11-15  |y BK  |k CCI 
952 |0 0  |1 0  |2 ddc  |4 0  |6 657_420000000000000_POL_1994  |7 0  |8 A  |9 230618  |a BIBING  |b BIBING  |c RES  |d 2019-11-15  |i 428920K  |o 657.42 POL 1994  |p 428920K  |r 2025-01-20  |w 2019-11-15  |y BK  |k CCI 
952 |0 0  |1 0  |2 ddc  |4 0  |6 657_420000000000000_POL_1994  |7 0  |8 A  |9 230619  |a BIBING  |b BIBING  |c RES  |d 2019-11-15  |i 4348915  |o 657.42 POL 1994  |p 4348915  |r 2025-01-20  |w 2019-11-15  |y BK  |k CCI 
952 |0 0  |1 0  |2 ddc  |4 0  |6 657_420000000000000_POL_1994  |7 0  |8 A  |9 230620  |a BIBING  |b BIBING  |c RES  |d 2019-11-15  |i 4348923  |o 657.42 POL 1994  |p 4348923  |r 2025-01-20  |w 2019-11-15  |y BK  |k CCI 
952 |0 0  |1 0  |2 ddc  |4 0  |6 657_420000000000000_POL_1994  |7 0  |8 A  |9 230621  |a BIBING  |b BIBING  |c RES  |d 2019-11-15  |i 4348931  |l 1  |o 657.42 POL 1994  |p 4348931  |r 2025-01-20  |s 2024-08-09  |w 2019-11-15  |y BK  |k CCI 
952 |0 0  |1 0  |3 erb  |4 0  |6 657_420000000000000_POL_1994  |7 0  |8 R  |9 230622  |a BIBGIM  |b BIBGIM  |i 552847K  |l 6  |o 657.42 POL 1994  |p 552847K  |r 2025-01-15  |s 2022-07-11  |w 2019-11-15  |y BK_R  |z Catalogado en:20190111  |k COM 
952 |0 0  |1 0  |3 erb  |4 0  |6 657_420000000000000_POL_1994  |7 0  |8 R  |9 230623  |a BIBGIM  |b BIBGIM  |i 5528453  |l 9  |m 2  |o 657.42 POL 1994  |p 5528453  |r 2025-04-14  |s 2025-04-09  |w 2019-11-15  |y BK_R  |z Catalogado en:20190111  |k COM